000 00294nam a22001337a 4500
008 181029b xxu||||| |||| 00| 0 eng d
020 _a9781408244500
041 _aeng
080 _a316
100 _a50
101 _aSOC
245 _aIntroduction to Gender
_cMarchbank, J
942 _2udc
_cBK
999 _c51056
_d51056